Estadísticas para Goleadores en Finales de Copa de Europa / Champions League

Haz click aquí para intentar la prueba.

Estadísticas generales

  • Esta prueba ha sido intentada 304 veces
    (159 desde el último reinicio)
  • La puntuación promedio es 32 de 64

Estadísticas de respuestas

HintRespuesta% Correcto
2014 · Real Madrid - Atlético de MadridSergio Ramos, Gareth Bale, Marcelo, Cristiano Ronaldo, Diego Godín
100%
2017 · Real Madrid - Juventus de TurínCristiano Ronaldo, Casemiro, Marco Asensio, Mario Mandzukic
99%
2011 · FC Barcelona - Manchester UnitedPedro Rodríguez, Lionel Messi, David Villa, Wayne Rooney
98%
2008 · Manchester United - ChelseaCristiano Ronaldo, Frank Lampard
97%
2018 · Real Madrid - LiverpoolKarim Benzema, Gareth Bale, Sadio Mané
97%
2009 · FC Barcelona - Manchester UnitedSamuel Eto'o, Lionel Messi
97%
2015 · FC Barcelona - Juventus de TurínIvan Rakitic, Luis Suárez, Neymar Jr, Álvaro Morata
95%
2012 · Chelsea FC - Bayern MúnichDidier Drogba, Thomas Müller
93%
2019 · Liverpool - Tottenham HotspurMohamed Salah, Divock Origi
93%
2022 · Real Madrid - LiverpoolVinicius Jr.
93%
2016 · Real Madrid - Atlético de MadridSergio Ramos, Yannick Carrasco
92%
2002 · Real Madrid - Bayer LeverkusenRaúl, Zinédine Zidane, Lúcio
91%
2023 · Inter de Milán - Manchester CityRodri
91%
2005 · Liverpool - AC MilanSteven Gerrard, Vladimir Smicer, Xabi Alonso, Paolo Maldini, Hernán Crespo
90%
1957 · Real Madrid - FiorentinaAlfredo Di Stéfano, Paco Gento
89%
1958 · Real Madrid - AC MilanPaco Gento, Hector Rial, Alfredo Di Stéfano, Ernesto Grillo, Juan Schiaffino
89%
1960 · Real Madrid - Eintracht FrankfurtAlfredo Di Stéfano, Ferenc Puskás, Erwin Stein, Richard Kress
85%
2013 · Bayern Múnich - Borussia DortmundMario Mandzukic, Arjen Robben, Ilkay Gündogan
85%
1956 · Real Madrid - Stade ReimsHéctor Rial, Alfredo Di Stéfano, Marquitos, Michel Hidalgo, Jean Templin, Michel Leblond
84%
2000 · Real Madrid - Valencia CFFernando Morientes, Steve McManaman, Raúl
82%
2021 · Chelsea FC - Manchester CityKai Havertz
82%
2020 · Bayern Múnich - PSGKingsley Coman
82%
1959 · Real Madrid - Stade ReimsAlfredo Di Stéfano, Enrique Mateos
80%
2006 · FC Barcelona - Arsenal FCSamuel Eto'o, Juliano Belletti, Sol Campbell
77%
1962 · SL Benfica - Real MadridJosé Aguas, Domiciano Cavém, Eusébio, Ferenc Puskás
76%
2010 · Inter de Milán - Bayern MúnichDiego Milito
74%
1974 · Bayern Múnich - Atlético de MadridGeorg Schwarzenbeck, Uli Hoeness, Gerd Müller, Luis Aragonés
71%
1975 · Bayern Múnich - Leeds UnitedFranz Roth, Gerd Müller
69%
1963 · AC Milan - SL BenficaJosé Altafini, Eusébio
66%
1992 · FC Barcelona - SampdoriaRonald Koeman
66%
1972 · Ajax - Inter de MilánJohan Cruyff
65%
1989 · AC Milan - Steaua BucarestRuud Gullit, Marco van Basten
63%
2004 · FC Oporto - AS MónacoCarlos Alberto, Deco, Dmitriy Alenichev
57%
2007 · AC Milan - LiverpoolFilippo Inzaghi, Dirk Kuyt
50%
1999 · Manchester United - Bayern MúnichMario Basler, Teddy Sheringham, Ole Gunnar Solskjaer
49%
1998 · Real Madrid - JuventusPredrag Mijatovic
47%
1997 · Borussia Dortmund - Juventus de TurínKarl-Heinz Riedle, Alessandro Del Piero, Lars Ricken
43%
1968 · Manchester United - SL BenficaBobby Charlton, George Best, Brian Kidd, Jaime Graça
41%
2001 · Bayern Múnich - Valencia CFGaizka Mendieta, Stefan Effenberg
27%
1995 · Ajax - AC MilanPatrick Kluivert
27%
1985 · Juventus de Turín - LiverpoolMichel Platini
23%
1994 · AC Milan - FC BarcelonaDaniele Massaro, Dejan Savicevic, Marcel Desailly
22%
1978 · Liverpool - Club BrujasKenny Dalglish
21%
1966 · Real Madrid - Partizán de BelgradoAmancio, Fernando Serena, Velibor Vasovic
15%
1990 · AC Milan - SL BenficaFrank Rijkaard
14%
1996 · Juventus de Turín - AjaxFabrizio Ravanelli, Jari Litmanen
9%
1961 · SL Benfica - FC BarcelonaMário Coluna, Antoni Ramallets (P.P), José Aguas, Zoltán Czibor, Sándor Kocsis
8%
1967 · Celtic FC - Inter de MilánTommy Gemmell, Stevie Chalmers, Sandro Mazzola
7%
1964 · Inter de Milan - Real MadridSandro Mazzola, Aurelio Milani, Felo
6%
1977 · Liverpool - Borussia MönchengladbachTerry McDermot, Tommy Smith, Phil Neal, Allan Simonsen
5%
1993 · Olympique de Marsella - AC MilanBasile Boli
4%
1976 · Bayern Múnich - AS Saint-ÉtienneFranz Roth
4%
1973 · Ajax - Juventus de TurínJohnny Rep
4%
1987 · FC Oporto - Bayern MúnichRabah Madjer, Juary, Ludwig Kögl
4%
1971 · Ajax - PanathinaikosDick van Dijk, Arie Haan
3%
1983 · Hamburgo SV - Juventus de TurínFelix Magath
3%
1980 · Nottingham Forest - Hamburgo SVJohn Robertson
3%
1984 · Liverpool - AS RomaPhil Neal, Roberto Pruzzo
3%
1970 · Feyenoord - Celtic FCRinus Israël, Ove Kindvall, Tommy Gemmell
3%
1979 · Nottingham Forest - Malmö FFTrevor Francis
3%
1981 · Liverpool - Real MadridAlan Kenedy
2%
1965 · Inter de Milan - SL BenficaJair
2%
1982 · Aston Villa - Bayern MúnichPeter Withe
2%
1969 · AC Milan - AjaxPierino Prati, Angelo Sormani, Velibor Vasovic
2%

Distribución de puntuación

Porcentaje por número respondido

Porcentaje de gente con cada puntuación

Historial de tus puntuaciones

No has intentado esta prueba desde el último reinicio